[Event "Junior Online 4NCL Division 3"]
[Site "online"]
[Date "2022.02.03"]
[EventDate "2022.02.03"]
[Round "2.121"]
[White "Spitz, Danny"]
[WhiteElo "1364"]
[WhiteTeam "Coldfall Bishops"]
[Black "Arora, Aarna"]
[BlackElo "1307"]
[BlackTeam "Barnet Knights C"]
[Result "1-0"]
[PlyCount "67"]

1. e4 c6 2. d4 d5 3. exd5 cxd5 4. Nc3 Nf6 5. Bf4 Nc6 6. Nb5 Qa5+ 7. c3 e5 8. dxe5 Nd7 9. e6 Nde5 10. exf7+ Kxf7 11. Qxd5+ Ke7 12. Bxe5 Nxe5 13. Qxe5+ Be6 14. Bc4 Qb6 15. Bxe6 Kd8 16. O-O-O+ Ke7 17. Bd5+ Kd7 18. Bxb7+ Bd6 19. Qxd6+ Qxd6 20. Rxd6+ Ke7 21. Bxa8 Rxa8 22. Nf3 Rb8 23. Re1+ Kf7 24. Rd7+ Kg6 25. Re6+ Kf5 26. Nbd4+ Kf4 27. Rf7+ Kg4 28. Re4+ Kh5 29. g4+ Kg6 30. Ne5+ Kg5 31. f4+ Kh4 32. Rxg7 Rh8 33. Re3 h6 34. Nf5# 1-0

[Event "Junior Online 4NCL Division 3"]
[Site "online"]
[Date "2022.02.03"]
[EventDate "2022.02.03"]
[Round "2.122"]
[White "Rowland, Benjamin"]
[WhiteElo "1271"]
[WhiteTeam "Barnet Knights C"]
[Black "Haga, Xander"]
[BlackElo "1276"]
[BlackTeam "Coldfall Bishops"]
[Result "1-0"]
[PlyCount "129"]

1. e4 e5 2. Bc4 Nc6 3. d3 Bc5 4. Nf3 Nf6 5. Ng5 O-O 6. O-O h6 7. Nf3 b6 8. Nc3 Bb7 9. Be3 Bb4 10. Nd5 Nxd5 11. Bxd5 Be7 12. Bxc6 Bxc6 13. Nxe5 Bf6 14. Nxc6 dxc6 15. d4 Re8 16. e5 Bg5 17. Qd3 Qd5 18. Bxg5 hxg5 19. c3 Rxe5 20. Rfd1 Ree8 21. Rd2 Rad8 22. Qg3 Re7 23. Kf1 Rde8 24. b3 c5 25. Rad1 cxd4 26. Rxd4 Qb5+ 27. c4 Qa5 28. f3 Qc5 29. R4d2 Qf5 30. Qh3 Qxh3 31. gxh3 f6 32. Kf2 Kf7 33. Rd7 Rxd7 34. Rxd7+ Re7 35. Rxe7+ Kxe7 36. Ke3 Ke6 37. Ke4 f5+ 38. Kd4 c5+ 39. Ke3 Ke5 40. a3 a5 41. a4 f4+ 42. Kd3 Kf5 43. Kc3 Ke5 44. Kd3 g6 45. Kc3 Kf6 46. Kd3 Kf5 47. Kc3 Ke5 48. Kd3 Ke6 49. Ke4 Kd6 50. h4 Ke6 51. hxg5 Kd6 52. Kxf4 Ke6 53. Ke4 Kd6 54. f4 Ke6 55. h3 Kd6 56. f5 gxf5+ 57. Kxf5 Ke7 58. Ke5 Kf7 59. h4 Ke7 60. h5 Kf7 61. Kf5 Kg7 62. Ke6 Kf8 63. h6 Ke8 64. h7 Kf8 65. h8=Q# 1-0

[Event "Junior Online 4NCL Division 3"]
[Site "online"]
[Date "2022.02.03"]
[EventDate "2022.02.03"]
[Round "2.123"]
[White "Agasee, Emilio"]
[WhiteElo "1238"]
[WhiteTeam "Coldfall Bishops"]
[Black "Perl, Joseph"]
[BlackElo "1140"]
[BlackTeam "Barnet Knights C"]
[Result "1-0"]
[PlyCount "105"]

1. e4 e6 2. d4 d5 3. exd5 exd5 4. Bd3 Nc6 5. Nf3 Bb4+ 6. Bd2 Qe7+ 7. Qe2 Qxe2+ 8. Bxe2 Bxd2+ 9. Nbxd2 Bf5 10. O-O O-O-O 11. Ng5 Rd7 12. h3 Nxd4 13. Bg4 Bxg4 14. hxg4 h5 15. Rfe1 Nxc2 16. Re8+ Rd8 17. Rxd8+ Kxd8 18. Rc1 Ke8 19. Rxc2 hxg4 20. Rxc7 f6 21. Ne6 f5 22. Nxg7+ Kd8 23. Ne6+ Ke8 24. Rxb7 Rh6 25. Ng7+ Kf8 26. Nxf5 Rf6 27. Rb8+ Kf7 28. Rb7+ Kg6 29. Ne7+ Nxe7 30. Rxe7 Rb6 31. Nb3 Ra6 32. Rd7 Rxa2 33. Rd6+ Kf7 34. Rd7+ Ke6 35. Rb7 Rxb2 36. Nd4+ Ke5 37. Rxb2 Kxd4 38. Ra2 Ke5 39. Rxa7 d4 40. Ra2 Ke4 41. Kf1 Kd3 42. Ke1 Kc3 43. Rd2 Kc4 44. Ke2 d3+ 45. Rxd3 Kb4 46. f3 g3 47. f4 Kc5 48. f5 Kc6 49. f6 Kc7 50. f7 Kb7 51. f8=Q Ka6 52. Qb8 Ka5 53. Ra3# 1-0

[Event "Junior Online 4NCL Division 3"]
[Site "online"]
[Date "2022.02.03"]
[EventDate "2022.02.03"]
[Round "2.124"]
[White "Gardner, Zac"]
[WhiteElo "1093"]
[WhiteTeam "Barnet Knights C"]
[Black "Haga, Viktor"]
[BlackElo "1156"]
[BlackTeam "Coldfall Bishops"]
[Result "1-0"]
[PlyCount "183"]

1. e4 e5 2. Nf3 Nc6 3. Bc4 Bc5 4. Nc3 Nf6 5. d3 O-O 6. Bg5 h6 7. Bh4 Be7 8. Bxf6 Bxf6 9. O-O a6 10. h3 b5 11. Bb3 d6 12. a3 Be6 13. Nd5 Bxd5 14. Bxd5 Qd7 15. a4 b4 16. b3 Rab8 17. Bc4 Na5 18. Bxa6 c6 19. Nd2 d5 20. exd5 Qxd5 21. Re1 Rb6 22. Bc4 Nxc4 23. Nxc4 Rb7 24. Qg4 Qe6 25. Qg3 c5 26. Nxe5 Bxe5 27. Rxe5 Qf6 28. Rae1 Rb6 29. Qg4 Re6 30. Rxe6 fxe6 31. Qxe6+ Qxe6 32. Rxe6 Kf7 33. Re5 Rc8 34. a5 Kf6 35. Re1 Ra8 36. Ra1 Ke5 37. Kf1 Kd4 38. Ke1 Kc3 39. Kd1 Kb2 40. Ra4 Kc3 41. a6 Kd4 42. a7 Kd5 43. Ke2 Kd4 44. Kf3 Kc3 45. Ke4 Kxc2 46. Kd5 Kxb3 47. Ra6 Kc3 48. Kc6 b3 49. Kb7 Rxa7+ 50. Kxa7 b2 51. Rb6 Kc2 52. f4 b1=Q 53. Rxb1 Kxb1 54. Kb6 Kc2 55. Kxc5 Kxd3 56. Kd5 Ke3 57. Ke5 Kf2 58. g4 Kg3 59. Kf5 Kxh3 60. g5 Kh4 61. gxh6 gxh6 62. Ke5 Kg4 63. f5 Kg5 64. f6 Kg6 65. Ke6 h5 66. f7 Kg7 67. Ke7 h4 68. f8=Q+ Kg6 69. Qf7+ Kg5 70. Qf6+ Kg4 71. Ke6 h3 72. Qd4+ Kg3 73. Qd3+ Kg2 74. Qe2+ Kg3 75. Qf1 h2 76. Qh1 Kh3 77. Kf5 Kg3 78. Ke4 Kh3 79. Ke3 Kg3 80. Ke2 Kh3 81. Kf1 Kg3 82. Ke1 Kh3 83. Kf2 Kh4 84. Qxh2+ Kg5 85. Qe5+ Kg6 86. Kf3 Kf7 87. Qd6 Kg7 88. Kg4 Kf7 89. Kf5 Ke8 90. Qc7 Kf8 91. Kf6 Ke8 92. Qe7# 1-0

[Event "Junior Online 4NCL Division 3"]
[Site "online"]
[Date "2022.02.03"]
[EventDate "2022.02.03"]
[Round "2.125"]
[White "Arora, Aarna"]
[WhiteElo "1307"]
[WhiteTeam "Barnet Knights C"]
[Black "Spitz, Danny"]
[BlackElo "1364"]
[BlackTeam "Coldfall Bishops"]
[Result "0-1"]
[PlyCount "60"]

1. d4 e6 2. c4 d5 3. Nc3 Nf6 4. Nf3 b6 5. Bg5 Bb7 6. e3 Bb4 7. a3 Be7 8. Bd3 Ne4 9. Bxe7 Qxe7 10. Qc2 Nxc3 11. Qxc3 Nc6 12. O-O O-O 13. Qc2 h6 14. Qb3 Rfd8 15. Qc2 e5 16. cxd5 Rxd5 17. Be4 Rd6 18. Nxe5 Nxe5 19. dxe5 Bxe4 20. Qxe4 Re8 21. Qc2 Qxe5 22. Qxc7 Re7 23. Qc2 Rg6 24. Qe2 Qe4 25. f3 Qxe3+ 26. Qxe3 Rxe3 27. Rf2 Rge6 28. Kf1 Kf8 29. Rd1 Ke7 30. Rd4 Re1# 0-1

[Event "Junior Online 4NCL Division 3"]
[Site "online"]
[Date "2022.02.03"]
[EventDate "2022.02.03"]
[Round "2.126"]
[White "Haga, Xander"]
[WhiteElo "1276"]
[WhiteTeam "Coldfall Bishops"]
[Black "Rowland, Benjamin"]
[BlackElo "1271"]
[BlackTeam "Barnet Knights C"]
[Result "1/2-1/2"]
[PlyCount "65"]

1. e4 c6 2. d4 d5 3. exd5 cxd5 4. c4 Nf6 5. Bg5 dxc4 6. Bxc4 e6 7. Nf3 Be7 8. O-O O-O 9. Nc3 h6 10. Bf4 Nc6 11. Be3 a6 12. Bb3 b5 13. Bc2 Bb7 14. Qd3 Nb4 15. Qd1 Bxf3 16. gxf3 Nxc2 17. Qxc2 Rc8 18. Qe2 Nd5 19. Nxd5 Qxd5 20. b3 Bf6 21. Rad1 Rc7 22. Bf4 Rfc8 23. Bxc7 Rxc7 24. Qe4 Qg5+ 25. Kh1 Qh5 26. d5 Qe5 27. Qxe5 Bxe5 28. dxe6 fxe6 29. Rd8+ Kf7 30. Ra8 Rc6 31. Rd1 Kf6 32. Rf8+ Ke7 33. Rfd8 1/2-1/2

[Event "Junior Online 4NCL Division 3"]
[Site "online"]
[Date "2022.02.03"]
[EventDate "2022.02.03"]
[Round "2.127"]
[White "Perl, Joseph"]
[WhiteElo "1140"]
[WhiteTeam "Barnet Knights C"]
[Black "Agasee, Emilio"]
[BlackElo "1238"]
[BlackTeam "Coldfall Bishops"]
[Result "0-1"]
[PlyCount "134"]

1. Nf3 d5 2. g3 Nf6 3. Bg2 b6 4. O-O Bb7 5. d3 Nc6 6. Nbd2 e5 7. e4 d4 8. b3 Bd6 9. Bb2 O-O 10. Nc4 h6 11. c3 dxc3 12. Bxc3 Bc5 13. Ncxe5 Nxe5 14. Bxe5 Ng4 15. d4 Nxe5 16. Nxe5 Bxd4 17. Qg4 Bxe5 18. Rad1 Bc8 19. Qh5 Qg5 20. Qxg5 hxg5 21. f4 gxf4 22. gxf4 Bd4+ 23. Rxd4 Ba6 24. Rf3 Rad8 25. Rxd8 Rxd8 26. Rc3 Rd1+ 27. Kf2 Rd2+ 28. Ke1 Rxg2 29. Rxc7 Re2+ 30. Kd1 Rxh2 31. Rxa7 Rh1+ 32. Kc2 Rh2+ 33. Kc3 Rxa2 34. Ra8+ Kh7 35. b4 Rf2 36. Rxa6 Rxf4 37. Rxb6 Rxe4 38. Rb7 Rf4 39. b5 g5 40. Rc7 Rf6 41. Kc4 g4 42. Ra7 g3 43. Ra2 Rf2 44. Ra1 g2 45. Rg1 Rc2+ 46. Kd5 f5 47. b6 f4 48. b7 Rb2 49. Kc6 f3 50. Kc7 f2 51. Rxg2 f1=Q 52. Rxb2 Qc1+ 53. Kb8 Qxb2 54. Ka8 Qa3+ 55. Kb8 Qd6+ 56. Ka7 Qc5+ 57. Ka8 Qa5+ 58. Kb8 Kg7 59. Kc8 Qc5+ 60. Kb8 Kf7 61. Ka8 Qa5+ 62. Kb8 Ke7 63. Kc8 Qc5+ 64. Kb8 Kd7 65. Ka8 Qa5+ 66. Kb8 Kc6 67. Kc8 Qc7# 0-1

[Event "Junior Online 4NCL Division 3"]
[Site "online"]
[Date "2022.02.03"]
[EventDate "2022.02.03"]
[Round "2.128"]
[White "Haga, Viktor"]
[WhiteElo "1156"]
[WhiteTeam "Coldfall Bishops"]
[Black "Gardner, Zac"]
[BlackElo "1093"]
[BlackTeam "Barnet Knights C"]
[Result "0-1"]
[PlyCount "78"]

1. e4 e5 2. Nf3 Nc6 3. Bc4 Bc5 4. Nc3 d6 5. d3 h6 6. O-O Nf6 7. Be3 Nd4 8. Bxd4 Bxd4 9. Nxd4 exd4 10. Nb5 a6 11. Nxd4 O-O 12. Nf3 Bg4 13. h3 Bh5 14. d4 Nxe4 15. Qd3 Re8 16. Rfe1 Ng5 17. Rxe8+ Qxe8 18. Nxg5 hxg5 19. Qf5 Qe7 20. Kf1 Re8 21. g4 Bg6 22. Qd5 b5 23. Bd3 Bxd3+ 24. cxd3 Qe2+ 25. Kg2 Qxd3 26. Qxg5 Qe4+ 27. Kg3 Qd3+ 28. f3 Qxd4 29. Rc1 c5 30. b3 Re2 31. Qd8+ Kh7 32. Qh4+ Kg8 33. Qd8+ Kh7 34. Qh4+ Kg6 35. Qh5+ Kf6 36. Qh4+ Ke6 37. Qg5 Qf2+ 38. Kf4 Qe3+ 39. Kg3 Qxg5 0-1

[Event "Junior Online 4NCL Division 3"]
[Site "online"]
[Date "2022.02.03"]
[EventDate "2022.02.03"]
[Round "2.131"]
[White "Nikolov, Alexander"]
[WhiteElo "1477"]
[WhiteTeam "Desert Penguins Neptune"]
[Black "Tengayev, Arman"]
[BlackElo "1326"]
[BlackTeam "Desert Penguins Jupiter"]
[Result "1/2-1/2"]
[PlyCount "132"]

1. d4 Nf6 2. c4 e6 3. Nf3 d5 4. Nc3 Be7 5. Bg5 Nbd7 6. e3 O-O 7. Bd3 dxc4 8. Bxc4 a6 9. O-O b5 10. Bd3 Bb7 11. Qe2 c5 12. dxc5 Nxc5 13. Bc2 Qc7 14. Rfd1 Rfd8 15. Bf4 Qb6 16. b4 Nce4 17. Nxe4 Nxe4 18. Qe1 Rac8 19. Rxd8+ Rxd8 20. a3 Rc8 21. Rc1 Nf6 22. Nd4 Nd5 23. Bg3 Bf6 24. Nf3 Bb2 25. Rb1 Rxc2 26. Qd1 Qc6 27. e4 Nc7 28. Be5 Bxa3 29. Nd4 Qxe4 30. Nxc2 Ne8 31. f3 Qxe5 32. Nxa3 Qe3+ 33. Kh1 Qxa3 34. Qd7 Kf8 35. Qxb7 Qc3 36. Qxa6 Qc4 37. Qa1 Nf6 38. Qa8+ Ne8 39. Qe4 Qxe4 40. fxe4 f6 41. Rc1 Kf7 42. Rc5 Ke7 43. Rxb5 Nd6 44. Ra5 e5 45. b5 Kd7 46. b6 Kc8 47. Ra6 Kb7 48. Ra7+ Kxb6 49. Rxg7 h5 50. Rh7 Nxe4 51. Rxh5 Kc6 52. Kg1 Kd5 53. Rh4 Ng5 54. Kf2 Ke6 55. Ke3 Kf5 56. g4+ Ke6 57. Rh8 Kf7 58. h4 Ne6 59. h5 Nf8 60. Ke4 Kg7 61. Rxf8 Kxf8 62. Kf5 Kg7 63. Ke4 Kh7 64. Kf5 Kg7 65. Ke4 Kh6 66. Kf5 Kg7 1/2-1/2

[Event "Junior Online 4NCL Division 3"]
[Site "online"]
[Date "2022.02.03"]
[EventDate "2022.02.03"]
[Round "2.132"]
[White "Mo, Alex"]
[WhiteElo "1372"]
[WhiteTeam "Desert Penguins Jupiter"]
[Black "Donati Plutino, Francesco Rodolfo"]
[BlackElo "1149"]
[BlackTeam "Desert Penguins Neptune"]
[Result "1-0"]
[PlyCount "73"]

1. d4 d5 2. c4 c6 3. Nc3 Nf6 4. Bf4 Bf5 5. e3 e6 6. c5 Be7 7. Bd3 Bxd3 8. Qxd3 Nbd7 9. Nf3 O-O 10. O-O h6 11. b4 a6 12. a4 Nh5 13. Bg3 Nxg3 14. hxg3 Nf6 15. b5 axb5 16. axb5 cxb5 17. Qxb5 Qc7 18. Rfb1 Rxa1 19. Rxa1 Rb8 20. Rb1 Ng4 21. Nh2 Nxh2 22. Kxh2 Kh7 23. Na4 Bg5 24. Nb6 Bf6 25. Ra1 h5 26. Ra8 Rxa8 27. Nxa8 Qc8 28. Nb6 Qc7 29. Qd3+ g6 30. Qa3 h4 31. f4 hxg3+ 32. Kxg3 g5 33. Qd3+ Kh6 34. Kf3 gxf4 35. exf4 e5 36. fxe5 Bg5 37. Qf5 1-0

[Event "Junior Online 4NCL Division 3"]
[Site "online"]
[Date "2022.02.03"]
[EventDate "2022.02.03"]
[Round "2.133"]
[White "Mourat, Emil"]
[WhiteElo "874"]
[WhiteTeam "Desert Penguins Neptune"]
[Black "Cleanis, Theo"]
[BlackElo "1151"]
[BlackTeam "Desert Penguins Jupiter"]
[Result "0-1"]
[PlyCount "42"]

1. d4 d5 2. c4 e6 3. Nc3 Nf6 4. Bg5 Be7 5. Nf3 O-O 6. e3 Nbd7 7. Bd3 dxc4 8. Bxc4 b6 9. O-O Bb7 10. Ne5 c5 11. f4 cxd4 12. Qxd4 Nc5 13. Bxf6 Bxf6 14. Rf3 Bxf3 15. gxf3 Bxe5 16. Qxe5 Qf6 17. Qd6 Rad8 18. Qc7 Qg6+ 19. Kf2 Rd2+ 20. Ke1 Qg2 21. Bf1 Qf2# 0-1

[Event "Junior Online 4NCL Division 3"]
[Site "online"]
[Date "2022.02.03"]
[EventDate "2022.02.03"]
[Round "2.134"]
[White "Dane, James"]
[WhiteElo "1183"]
[WhiteTeam "Desert Penguins Jupiter"]
[Black "Tracey, Reuben"]
[BlackElo "773"]
[BlackTeam "Desert Penguins Neptune"]
[Result "1-0"]
[PlyCount "67"]

1. d4 d5 2. c4 e6 3. Nc3 Nf6 4. Bg5 Be7 5. e3 Nbd7 6. Nf3 O-O 7. Bd3 b6 8. O-O Bb7 9. Rc1 h6 10. Bh4 c5 11. b3 cxd4 12. exd4 dxc4 13. bxc4 Qc7 14. Nb5 Qc8 15. Re1 a6 16. Nc3 Rd8 17. h3 Qc7 18. Bg3 Qc6 19. Rb1 Rac8 20. Qb3 Qd6 21. Bxd6 Bxd6 22. Qc2 Bxf3 23. gxf3 Re8 24. Ne4 Bc7 25. Nxf6+ Nxf6 26. Kf1 Rcd8 27. Qc3 Rc8 28. c5 bxc5 29. dxc5 Be5 30. Qxe5 Red8 31. Bxa6 Ra8 32. Bb7 Ra5 33. Qc7 Re8 34. Qxa5 1-0

[Event "Junior Online 4NCL Division 3"]
[Site "online"]
[Date "2022.02.03"]
[EventDate "2022.02.03"]
[Round "2.135"]
[White "Tengayev, Arman"]
[WhiteElo "1326"]
[WhiteTeam "Desert Penguins Jupiter"]
[Black "Nikolov, Alexander"]
[BlackElo "1477"]
[BlackTeam "Desert Penguins Neptune"]
[Result "1-0"]
[PlyCount "141"]

1. d4 d5 2. c4 e6 3. Nc3 Nf6 4. Bg5 Be7 5. e3 h6 6. Bh4 O-O 7. Nf3 a6 8. cxd5 exd5 9. Bd3 c6 10. O-O Bg4 11. Be2 Nbd7 12. Qc2 Re8 13. Rfc1 Nf8 14. Rab1 Ng6 15. Bg3 Bd6 16. Bxd6 Qxd6 17. h3 Bd7 18. Bd3 Nf8 19. Ne5 Qe7 20. Ne2 Bc8 21. Ng3 N8d7 22. Nf5 Qe6 23. Nxd7 Bxd7 24. Ng3 Ne4 25. Nxe4 dxe4 26. Be2 f5 27. Bc4 Qxc4 28. Qxc4+ Be6 29. Qa4 Rac8 30. a3 Bd5 31. Qb4 Rc7 32. Rc2 Ree7 33. Rbc1 g5 34. Qd2 Kg7 35. Qe2 Kg6 36. f3 exf3 37. gxf3 f4 38. e4 Be6 39. Qd2 Bxh3 40. d5 Rcd7 41. Qh2 g4 42. fxg4 Bxg4 43. dxc6 bxc6 44. Rxc6+ Kh7 45. Qxf4 Be6 46. Rc7 Rg7+ 47. Kh2 Rdf7 48. Rxf7 Rxf7 49. Rc7 Kg8 50. Rxf7 Bxf7 51. Qb8+ Kg7 52. Qg3+ Kh7 53. Qd6 Kg7 54. e5 Kh7 55. Qxa6 Kg7 56. Qf6+ Kg8 57. Qd8+ Kg7 58. Qd7 Kf8 59. e6 Be8 60. Qd6+ Kg8 61. Qe7 Kh8 62. Qxe8+ Kh7 63. Qe7+ Kh8 64. Qf6+ Kh7 65. Qf2 Kg8 66. Kg3 Kg7 67. Kh4 Kg6 68. e7 Kg7 69. e8=R Kg6 70. Rg8+ Kh7 71. Qf7# 1-0

[Event "Junior Online 4NCL Division 3"]
[Site "online"]
[Date "2022.02.03"]
[EventDate "2022.02.03"]
[Round "2.136"]
[White "Donati Plutino, Francesco Rodolfo"]
[WhiteElo "1149"]
[WhiteTeam "Desert Penguins Neptune"]
[Black "Mo, Alex"]
[BlackElo "1372"]
[BlackTeam "Desert Penguins Jupiter"]
[Result "1/2-1/2"]
[PlyCount "136"]

1. d4 d5 2. c4 e6 3. Nc3 Nf6 4. Bf4 Be7 5. e3 O-O 6. Bd3 dxc4 7. Bxc4 a6 8. Nf3 b5 9. Bd3 c5 10. O-O c4 11. Be4 Nxe4 12. Nxe4 Bb7 13. Qc2 Nd7 14. Ne5 Nxe5 15. Bxe5 Qd5 16. f3 Rfd8 17. Rad1 Qc6 18. Rd2 Rac8 19. Rfd1 c3 20. bxc3 f5 21. Nc5 Bxc5 22. dxc5 Rxd2 23. Rxd2 Qxc5 24. Bd6 Qxe3+ 25. Rf2 Rxc3 26. Qd2 Rd3 27. Qxe3 Rxe3 28. Rd2 Bd5 29. Bc5 Re1+ 30. Kf2 Ra1 31. Bd4 Rc1 32. Bb2 Rc6 33. a3 Kf7 34. Be5 a5 35. h4 b4 36. axb4 axb4 37. g4 fxg4 38. fxg4 b3 39. h5 g5 40. Kg3 Rb6 41. Rf2+ Kg8 42. Bd4 Rb7 43. h6 Bc6 44. Bg7 Rb8 45. Kh2 Bd7 46. Kg1 Bc6 47. Kf1 Bb5+ 48. Ke1 Bc4 49. Kd1 Bd5 50. Kc1 Bc6 51. Kb2 Bd5 52. Rf1 Rc8 53. Rf2 Ra8 54. Kc3 Rc8+ 55. Kb2 Ra8 56. Kc3 Rc8+ 57. Kd4 Rc4+ 58. Kd3 Rc8 59. Kd4 Rc4+ 60. Ke5 Rc8 61. Kd6 Rd8+ 62. Ke7 Rb8 63. Kd6 Rd8+ 64. Kc7 Ra8 65. Kd7 Ra7+ 66. Kd6 Ra8 67. Kc7 Re8 68. Kd7 Rb8 1/2-1/2

[Event "Junior Online 4NCL Division 3"]
[Site "online"]
[Date "2022.02.03"]
[EventDate "2022.02.03"]
[Round "2.137"]
[White "Cleanis, Theo"]
[WhiteElo "1151"]
[WhiteTeam "Desert Penguins Jupiter"]
[Black "Mourat, Emil"]
[BlackElo "874"]
[BlackTeam "Desert Penguins Neptune"]
[Result "1-0"]
[PlyCount "61"]

1. d4 d5 2. c4 e6 3. Nc3 Nf6 4. Bg5 Be7 5. e3 O-O 6. Nf3 b6 7. Be2 Bb7 8. O-O h6 9. Bh4 Nbd7 10. cxd5 exd5 11. Rc1 Ne4 12. Bxe7 Qxe7 13. Nb5 c6 14. Nc3 Nxc3 15. Rxc3 Bc8 16. Rxc6 Nf6 17. Rc1 Ne4 18. Qc2 f5 19. Qc7 Qh4 20. Nxh4 Nd2 21. Rfd1 Ne4 22. Qe5 Ng5 23. Qxd5+ Kh7 24. Qxa8 Nf7 25. Rxc8 Rxc8 26. Qxc8 Nd6 27. Nxf5 Nxc8 28. Bd3 Ne7 29. Nxe7+ Kh8 30. Rc1 b5 31. Rc8# 1-0

[Event "Junior Online 4NCL Division 3"]
[Site "online"]
[Date "2022.02.03"]
[EventDate "2022.02.03"]
[Round "2.138"]
[White "Tracey, Reuben"]
[WhiteElo "773"]
[WhiteTeam "Desert Penguins Neptune"]
[Black "Dane, James"]
[BlackElo "1183"]
[BlackTeam "Desert Penguins Jupiter"]
[Result "1-0"]
[PlyCount "63"]

1. d4 d5 2. c4 e6 3. Nc3 Nf6 4. Bg5 Be7 5. e3 Nbd7 6. Nf3 O-O 7. Bd3 dxc4 8. Bxc4 a6 9. O-O b5 10. Bd3 Bb7 11. Qe2 Rc8 12. Rac1 c5 13. h3 c4 14. Bb1 h6 15. Bh4 Qc7 16. Bg3 Bd6 17. Bh4 Be7 18. b3 cxb3 19. axb3 Bd6 20. Ne4 Qb6 21. Nxf6+ Nxf6 22. Bxf6 gxf6 23. Qd3 f5 24. Ne1 Rxc1 25. Nf3 Rxf1+ 26. Kxf1 Bxf3 27. gxf3 Qc6 28. e4 fxe4 29. fxe4 Rc8 30. e5 Be7 31. Qh7+ Kf8 32. Qh8# 1-0

[Event "Junior Online 4NCL Division 3"]
[Site "online"]
[Date "2022.02.03"]
[EventDate "2022.02.03"]
[Round "2.141"]
[White "Poon, Evan"]
[WhiteElo "1300"]
[WhiteTeam "KEGS B"]
[Black "Qiu, Calvin"]
[BlackElo "1185"]
[BlackTeam "Muswell Hill Knights"]
[Result "1-0"]
[PlyCount "103"]

1. d4 d5 2. c4 e6 3. Nc3 Nf6 4. Bg5 Be7 5. e3 h6 6. Bxf6 Bxf6 7. Nf3 Nd7 8. c5 c6 9. Bd3 b6 10. b4 b5 11. Nd2 e5 12. Nb3 e4 13. Be2 a6 14. Qd2 Nf8 15. Na5 Qc7 16. O-O-O Ng6 17. g3 Bd7 18. Rdf1 Bh3 19. Re1 Ne7 20. f4 exf3 21. Bxf3 Bf5 22. e4 Bg5 23. Qxg5 hxg5 24. exf5 O-O 25. Bg4 f6 26. Re6 Rfe8 27. Rhe1 Kf7 28. Bh5+ Kf8 29. Bxe8 Rxe8 30. a4 bxa4 31. Nxa4 Kf7 32. Nb6 g6 33. fxg6+ Kxg6 34. Nb3 Kf5 35. Kd2 Qd8 36. Na5 Qc7 37. Nb3 Qa7 38. Na5 Qc7 39. Kd3 Kg4 40. Rxf6 Kh3 41. Re2 Qa7 42. Nxc6 Nxc6 43. Rxe8 Qh7+ 44. Kd2 g4 45. Rxc6 Qf5 46. Re2 Qg5+ 47. Kd3 Qf5+ 48. Ke3 Qg5+ 49. Kd3 Qf5+ 50. Kd2 Qg5+ 51. Kd1 Qf5 52. Rh6+ 1-0

[Event "Junior Online 4NCL Division 3"]
[Site "online"]
[Date "2022.02.03"]
[EventDate "2022.02.03"]
[Round "2.142"]
[White "Crichton, Finlay"]
[WhiteElo "1050"]
[WhiteTeam "Muswell Hill Knights"]
[Black "Scola, George"]
[BlackElo "1300"]
[BlackTeam "KEGS B"]
[Result "1/2-1/2"]
[PlyCount "152"]

1. e4 c5 2. Nf3 d6 3. d4 cxd4 4. Nxd4 Nf6 5. Nc3 g6 6. Bc4 Bg7 7. Be3 O-O 8. Qe2 Nc6 9. Qd3 Bd7 10. h4 a6 11. f3 b5 12. Bd5 Nxd5 13. Nxd5 Nb4 14. Nxb4 Bf6 15. h5 Bxd4 16. Bxd4 Be6 17. hxg6 fxg6 18. Qe3 a5 19. Qh6 Rf7 20. Nc6 Qc7 21. Nxa5 Rxa5 22. Bc3 b4 23. Bxb4 Rb5 24. Bc3 Rc5 25. Qe3 d5 26. Qd4 Rf6 27. Qe3 dxe4 28. Bxf6 Qg3+ 29. Kf1 Bc4+ 30. Kg1 exf3 31. Qxf3 Qxf3 32. gxf3 exf6 33. Rd1 Rg5+ 34. Kf2 Bxa2 35. b3 Rc5 36. Rc1 h5 37. Rhg1 Kf7 38. Rg3 g5 39. Ke3 Bxb3 40. Rg2 Bd5 41. Rf2 Kg6 42. Kd4 Ra5 43. f4 gxf4 44. Rxf4 Be6 45. Ke3 Ra3+ 46. Kd2 Rg3 47. Rcf1 Bg4 48. Rxf6+ Kg5 49. R6f2 Bh3 50. Rc1 Rg4 51. c4 Rd4+ 52. Ke3 Rd6 53. c5 Re6+ 54. Kd4 Rc6 55. Kd5 Rc8 56. c6 Bf5 57. Kd6 Rd8+ 58. Kc7 Rc8+ 59. Kb7 Rh8 60. c7 Rh7 61. Kb8 Rh8+ 62. c8=Q Bxc8 63. Rxc8 Rxc8+ 64. Kxc8 h4 65. Rg2+ Kf4 66. Rf2+ Kg3 67. Rf1 h3 68. Rg1+ Kh2 69. Ra1 Kg2 70. Ra2+ Kg1 71. Ra1+ Kg2 72. Ra2+ Kg1 73. Re2 h2 74. Re1+ Kg2 75. Re2+ Kg1 76. Rxh2 Kxh2 1/2-1/2

[Event "Junior Online 4NCL Division 3"]
[Site "online"]
[Date "2022.02.03"]
[EventDate "2022.02.03"]
[Round "2.143"]
[White "Badhrinath, Adhvaith B"]
[WhiteElo "1177"]
[WhiteTeam "KEGS B"]
[Black "Marks, Rory"]
[BlackElo "1143"]
[BlackTeam "Muswell Hill Knights"]
[Result "0-1"]
[PlyCount "52"]

1. e4 e5 2. Nf3 Nc6 3. Bc4 Bc5 4. d3 h6 5. Nc3 Nf6 6. Be3 Bxe3 7. fxe3 O-O 8. Nd5 d6 9. Qe2 Bg4 10. O-O-O Nxd5 11. exd5 Nb4 12. a3 Na6 13. Bxa6 bxa6 14. h3 Bxf3 15. Qxf3 Rb8 16. e4 Qd7 17. g4 Qb5 18. b4 a5 19. c4 Qa4 20. h4 Qxa3+ 21. Kd2 Rxb4 22. Ra1 Rb2+ 23. Ke3 Qc5+ 24. d4 Qxc4 25. Rhc1 Qb3+ 26. Rc3 Qxc3# 0-1

[Event "Junior Online 4NCL Division 3"]
[Site "online"]
[Date "2022.02.03"]
[EventDate "2022.02.03"]
[Round "2.144"]
[White "Gelmini, Leonardo"]
[WhiteElo "1032"]
[WhiteTeam "Muswell Hill Knights"]
[Black "Gould, Charlie"]
[BlackElo "952"]
[BlackTeam "KEGS B"]
[Result "1-0"]
[PlyCount "45"]

1. c4 e5 2. Nc3 Nf6 3. g3 g6 4. Bg2 Bg7 5. e3 Nc6 6. Nge2 d6 7. O-O O-O 8. d4 Be6 9. d5 Bh3 10. Bxh3 Nb4 11. a3 Na6 12. Bg2 Rb8 13. b4 c6 14. dxc6 bxc6 15. Bxc6 d5 16. Nxd5 Nxd5 17. Bxd5 Rc8 18. Bb7 e4 19. Bxc8 Qxd1 20. Rxd1 Bxa1 21. Bxa6 Bg7 22. Rd2 Bc3 23. Nxc3 1-0

[Event "Junior Online 4NCL Division 3"]
[Site "online"]
[Date "2022.02.03"]
[EventDate "2022.02.03"]
[Round "2.145"]
[White "Qiu, Calvin"]
[WhiteElo "1185"]
[WhiteTeam "Muswell Hill Knights"]
[Black "Poon, Evan"]
[BlackElo "1300"]
[BlackTeam "KEGS B"]
[Result "1-0"]
[PlyCount "63"]

1. e4 e5 2. Nf3 Nc6 3. Nc3 Nf6 4. Bc4 Bc5 5. h3 d6 6. d3 Be6 7. Bb3 Nd4 8. Nxd4 Bxd4 9. Ne2 Bb6 10. Nc3 Qd7 11. Ba4 c6 12. Bg5 Ng8 13. Qf3 f6 14. Be3 Ne7 15. Bxb6 axb6 16. Bb3 Bxb3 17. cxb3 O-O 18. Ne2 Ng6 19. d4 Ra7 20. O-O Rfa8 21. a3 b5 22. Rfd1 b4 23. a4 b5 24. dxe5 Nxe5 25. Qe3 bxa4 26. bxa4 Rxa4 27. Rxa4 Rxa4 28. Qb3+ Kf8 29. Qxa4 Qc7 30. Qa8+ Kf7 31. Ra1 d5 32. Ra7 1-0

[Event "Junior Online 4NCL Division 3"]
[Site "online"]
[Date "2022.02.03"]
[EventDate "2022.02.03"]
[Round "2.146"]
[White "Scola, George"]
[WhiteElo "1300"]
[WhiteTeam "KEGS B"]
[Black "Crichton, Finlay"]
[BlackElo "1050"]
[BlackTeam "Muswell Hill Knights"]
[Result "1-0"]
[PlyCount "67"]

1. e4 e5 2. Bc4 Nf6 3. Nc3 Nc6 4. Nf3 Nxe4 5. d3 Nxc3 6. bxc3 Qf6 7. Bg5 Qg6 8. h4 h6 9. Be3 Qf6 10. d4 exd4 11. Nxd4 Nxd4 12. Bxd4 Qe7+ 13. Be3 d6 14. O-O Qd7 15. Re1 Be7 16. Bd4 O-O 17. Qf3 Bxh4 18. Re4 Bg5 19. Rg4 Qxg4 20. Qd3 Be7 21. Re1 Qg5 22. Re3 Bf6 23. Rg3 Qh4 24. Qg6 Be6 25. Bxe6 fxe6 26. Bxf6 Qxf6 27. Qe4 Qxf2+ 28. Kh2 Qf5 29. Qxb7 Qh5+ 30. Kg1 Rfc8 31. c4 Qc5+ 32. Kh2 Qxc4 33. Qb2 Rcb8 34. Qxg7# 1-0

[Event "Junior Online 4NCL Division 3"]
[Site "online"]
[Date "2022.02.03"]
[EventDate "2022.02.03"]
[Round "2.147"]
[White "Marks, Rory"]
[WhiteElo "1143"]
[WhiteTeam "Muswell Hill Knights"]
[Black "Badhrinath, Adhvaith B"]
[BlackElo "1177"]
[BlackTeam "KEGS B"]
[Result "0-1"]
[PlyCount "50"]

1. e4 e5 2. Nf3 Nc6 3. d4 exd4 4. Bc4 Nf6 5. O-O Nxe4 6. Re1 d5 7. Bxd5 Qxd5 8. Nc3 Qa5 9. Nxe4 Be6 10. Bf4 O-O-O 11. Neg5 Bd5 12. Ne5 Nxe5 13. Rxe5 f6 14. Rf5 fxg5 15. Bxg5 Re8 16. c4 dxc3 17. Rxd5 Bc5 18. bxc3 c6 19. Qg4+ Kb8 20. Bf4+ Ka8 21. Re5 Rxe5 22. Bxe5 Bxf2+ 23. Kxf2 Qxe5 24. Re1 Rf8+ 25. Kg1 Qxe1# 0-1